Datum a čas kvízu
20
Celkem bodů
Celkový počet nahraných bodů na tomto kvízu bez doplňovacích otázek.
7.
Pořadí na kvízu
Konečné umístění týmu na tomto kvízu.
Zaznamenané odpovědi
| # | Otázka | Odpověď | Body | Výsledky |
|---|---|---|---|---|
| 1. | Sociální demokraté si novým šé... | 1 | ||
| 2. | Nejmladší evropský stát Kosovo... | 0 | ||
| 3. | V Berlíně minulý týden začal d... | 0 | ||
| 4. | Německá vláda hodlá výrazně ro... | 0 | ||
| 5. | Aksel Lund Svindal jako první... | 0 | ||
| 6. | Která slavná americká kapela n... | 0 | ||
| 7. | Otcem titána Oriona v řecké my... | 0 | ||
| 8. | Který z těchto výrobků nepatří... | 0 | ||
| 9. | Orion je kosmická loď vyvíjená... | 0 | ||
| 10. | Odrůda jablek Orion byla vyšle... | 0 |